• 首页
  • 本馆介绍
  • 公告通知
  • 最新文献
  • 馆藏检索
  • 电子资源
  • 读者导购
  • 参考咨询
  • 我的图书馆
  • 登录
  • 详细信息显示
  • 放入我的书架
  • 预约/预借图书
  • 作者相关作品
  • 分类相关作品
  • 丛书相关作品
  • 出版社相关作品

书目信息

  • 表格格式
  • 工作单格式
  • 卡片格式
题名:
一生的忠告全集
    
 
作者: 章恺 编译
分册:  
出版信息: 北京   中国商业出版社  2004
页数: 332页
开本: 24cm
丛书名:
单 册:
中图分类: B848.4 , B821-49
科图分类:
主题词: 成功心理--通俗读物 , 成功心理 , 人生观
电子资源:
ISBN: 7-5044-5238-6
000 00920nam0 2200277 450
001 0951987879
005 20090929142802.92
010    @a7-5044-5238-6@dCNY28.00
100    @a20050119d2004 em y0chiy50 ea
101 0  @achi
102    @aCN@b110000
105    @ay z 000yy
106    @ar
200 1  @a一生的忠告全集@e珍藏版@f章恺编译@Ayi sheng de zhong gao quan ji
210    @a北京@c中国商业出版社@d2004
215    @a332页@d24cm
330    @a本书共七篇,内容包括:唤起心中的巨人、细节决定命运、让生活更快乐、走向事业的颠峰、如何营造温馨家庭等。
510 1  @aCollection from Cradle to the Grave Useful to You the Advice@zeng
606 0  @a成功心理@j通俗读物
606 0  @a成功心理
606 0  @a人生观
690    @aB848.4@v4
690    @aB821-49@v4
701  0 @a章恺@c(成功心理学)@4编译@Azhang kai
801  0 @aCN@b大连网信软件有限公司图书馆·11@c20090929
905    @a10447@dB821-49@eJY89
    
    一生的忠告全集:珍藏版/章恺编译.-北京:中国商业出版社,2004
    332页;24cm
    
    
    ISBN 7-5044-5238-6:CNY28.00
    本书共七篇,内容包括:唤起心中的巨人、细节决定命运、让生活更快乐、走向事业的颠峰、如何营造温馨家庭等。
●
相关链接 在E读中查询图书 在五车中查询图书 在当当中查询图书 在豆瓣中查询图书


正题名:一生的忠告全集     索取号:B821-49/JY89         预约/预借

序号 登录号 条形码 馆藏地/架位号 状态 备注
1 7820143   278201438   学院路分馆/ [索取号:B821-49/JY89] 在馆    
2 7820144   278201447   学院路分馆/ [索取号:B821-49/JY89] 在馆    
3 7820145   278201456   学院路分馆/ [索取号:B821-49/JY89] 在馆    
4 7820146   278201465   学院路分馆/ [索取号:B821-49/JY89] 在馆    
唐山师范学院图书馆 欢迎您!
大连网信软件有限公司© 版权所有